000 00548nam a2200169 i 4500
001 61083
003 ES-MaACL
007 t|
008 031110s1984 sp ||||1| spa d
245 0 0 _aEstudios sobre el Siglo de Oro
_b: homenaje al profesor Francisco Ynduráin.
260 _aMadrid :
_bEditora Nacional,
_c[1984]
300 _a540 p. ;
_c21 cm.
490 1 _aCultura y sociedad. Docencia y documentación
830 0 _aCultura y sociedad. Docencia y documentación
_9225294
852 _aES-MaACL
_jL-7779
_bR.108397
999 _c61083
_d61083